000 01155nam a22002657a 4500
005 20240530110515.0
008 160116s2013 ua a g b 000 0 ara d
017 _a2012/10654
_bمصر . دار الكتب المصرية
020 _a9789774382988
040 _aEG-CaGPL
082 0 4 _221
_a911\
_bر أ
100 0 _aرائد راكان قاسم الجوارى
245 1 2 _aالاصالة و الابداع الجغرافى فى الحضارات القديمة :
_bالحضارة اليونانية : دراسة فى الفكر الجغرافى /
_cتاليف رائد راكان قاسم الجوارى
250 _aط1.
260 _aالاسكندرية :
_bالمكتب الجامعى الحديث ،
_c2013 .
300 _a272 ص ؛
_c24 سم .
504 _aيشتمل على ارجاعات ببليوجرافية
650 0 4 _aالجغرافيا .
650 0 4 _aالجغرافيا التاريخية .
650 0 4 _aالجغرافيا القديمة .
651 0 4 _aاليونان
_xجغرافيا .
651 0 4 _aالعالم القديم
_xجغرافيا .
942 _2ddc
_cBK
999 _c61762
_d61762